2023-24 FIFA INTER MILAN PLAYER BY PICTURE - Statistics

General Stats
  • This quiz has been taken 154 times
  • The average score is 15 of 20
Answer Stats
Picture Answer % Correct
Yann Sommer
96%
Alexis Sánchez
95%
Lautaro Martínez
94%
Nicolò Barella
90%
Alessandro Bastoni
88%
Hakan Çalhanoğlu
88%
Henrikh Mkhitaryan
87%
Denzel Dumfries
86%
Marcus Thuram
86%
Juan Cuadrado
84%
Federico Dimarco
79%
Francesco Acerbi
79%
Benjamin Pavard
78%
Stefan de Vrij
78%
Marko Arnautović
68%
Matteo Darmian
68%
Davy Klaassen
58%
Davide Frattesi
47%
Kristjan Asllani
35%
Carlos Augusto
34%
No matching quizzes found
Score Distribution
Percent of People with Each Score
Percentile by Number Answered
Your Score History
You have not taken this quiz